Every Formula One Grand Slam Ever - Statistics

General Stats
  • This quiz has been taken 176 times
  • The average score is 22 of 26
Answer Stats
Number of GS Last GS Country Answer % Correct
1 Singapore GP 2010 Spain Fernando Alonso
99%
6 Abu Dhabi GP 2019 United Kingdom Lewis Hamilton
99%
3 Spanish GP 2023 Netherlands Max Verstappen
99%
4 Korean GP 2013 Germany Sebastian Vettel
99%
1 Australian GP 2022 Monaco Charles Leclerc
98%
5 Hungarian GP 2004 Germany Michael Schumacher
97%
4 Italian GP 1990 Brazil Ayrton Senna
96%
1 Belgian GP 1976 Austria Niki Lauda
95%
2 German GP 1956 Argentina Juan Manuel Fangio
94%
2 Monaco GP 1998 Finland Mika Hakkinen
92%
2 European GP 2016 Germany Nico Rosberg
92%
4 British GP 1992 United Kingdom Nigel Mansell
92%
5 British GP 1953 Italy Alberto Ascari
90%
3 Canadian GP 1984 Brazil Nelson Piquet
90%
1 United States GP West 1979 Canada Gilles Villeneuve
89%
8 German GP 1965 United Kingdom Jim Clark
88%
1 Hungarian GP 1995 Great Britain Damon Hill
87%
4 United States GP 1972 United Kingdom Jackie Stewart
87%
2 British GP 1966 Australia Jack Brabham
84%
1 German GP 1972 Belgium Jacky Ickx
80%
1 Australian GP 1987 Austria Gerhard Berger
78%
1 French GP 1958 Great Britain Mike Hawthorn
75%
1 United States GP West 1976 Switzerland Clay Regazzoni
73%
1 Portuguese GP 1959 Great Britain Stirling Moss
73%
1 Brazilian GP 1979 France Jacques Laffite
58%
1 Austrian GP 1971 Switzerland Jo Siffert
39%
No matching quizzes found
Score Distribution
Percent of People with Each Score
Percentile by Number Answered
Your Score History
You have not taken this quiz